00505nam a22001577a 450000500170000001000150001702000250003203500130005703700130007008200110008310000220009424500730011626000700018927000660025930000220032520130913152055.0 aENG-108188 a9789350690031c20.00 aEN-91721 bDBAD/PUB a230.35 aRao, B.V. Ramana 10aLove is my form :cby B.V. Ramana RaobBhagwan Sri Sathya Sai Baba / aAndhra PradeshbSri Sathya Sai Books and Publications Trustc2013 aPrasanthi Nilayam, Anantapur DistrictbAndhra Pradeshe515134 a131p. c22cm(pbk)